Udhyog aur suraksha (Hindi) (Record no. 405761)

000 -LEADER
fixed length control field 00331cam a22001097a 4500
008 - FIXED-LENGTH DATA ELEMENTS--GENERAL INFORMATION
fixed length control field 180718b1995 xxu||||| |||| 00| 0 eng d
100 ## - MAIN ENTRY--PERSONAL NAME
Personal name Vohra, Bhushan Lal
245 ## - TITLE STATEMENT
Title Udhyog aur suraksha (Hindi)
Statement of responsibility, etc. by Bhushan Lal Vohra and Shishir Kumar Singh
260 ## - PUBLICATION, DISTRIBUTION, ETC.
Place of publication, distribution, etc. New Delhi
Name of publisher, distributor, etc. K.K.
Date of publication, distribution, etc. 1995
300 ## - PHYSICAL DESCRIPTION
Extent 265p.
700 ## - ADDED ENTRY--PERSONAL NAME
Personal name Singh, Shishir Kumar
Holdings
Withdrawn status Lost status Damaged status Not for loan Permanent Location Current Location Date acquired Barcode Date last seen Price effective from Koha item type
        Indian Institute of Public Administration Indian Institute of Public Administration 2006-08-05 72280 2018-07-21 2018-07-21 Book
        Indian Institute of Public Administration Indian Institute of Public Administration 2010-05-28 72029 2018-07-21 2018-07-21 Book

Powered by Koha